Introduction to Data Mining_2nd Edition (Record no. 38060)

MARC details
000 -LEADER
fixed length control field 00551nam a22001937a 4500
020 ## - INTERNATIONAL STANDARD BOOK NUMBER
ISBN 978-9354491047
082 ## - DEWEY DECIMAL CLASSIFICATION NUMBER
Classification number 005.74 TAN
100 ## - MAIN ENTRY--AUTHOR NAME
Personal name Pang-Ning Tan
100 ## - MAIN ENTRY--AUTHOR NAME
Personal name Michael Steinbach
100 ## - MAIN ENTRY--AUTHOR NAME
Personal name Anuj Karpatne
100 ## - MAIN ENTRY--AUTHOR NAME
Personal name Vipin Kumar
245 ## - TITLE STATEMENT
Title Introduction to Data Mining_2nd Edition
250 ## - EDITION STATEMENT
Edition statement 2
260 ## - PUBLICATION, DISTRIBUTION, ETC. (IMPRINT)
Name of publisher Pearson Education
Place of publication New Delhi
Year of publication 2025
300 ## - PHYSICAL DESCRIPTION
Number of Pages 856
Other physical details Item Weight ‏ : ‎ 1 kg 20 g Dimensions ‏ : ‎ 20.3 x 25.4 x 4.7 cm
650 ## - SUBJECT ADDED ENTRY--TOPICAL TERM
Topical Term CSE
942 ## - ADDED ENTRY ELEMENTS (KOHA)
Koha item type Text Book
952 ## - LOCATION AND ITEM INFORMATION (KOHA)
Damaged status
Not for loan
Holdings
Withdrawn status Collection code Permanent Location Current Location Shelving location Date acquired Source of acquisition Cost, normal purchase price Inventory number Full call number Accession Number Price effective from Koha item type
  Computer Science and Engineering VAST Central Library VAST Central Library S-22/CS 14/11/2025 Minerva Books 990.00 86 005.74 TAN 38170 01/12/2025 Text Book